Statistics for General Knowledge Quiz #140

Click here to take the quiz!

General Stats

  • This quiz has been taken 47,968 times
    (27,289 since last reset)
  • The average score is 12 of 20

Answer Stats

QuestionAnswer% Correct
What is the Italian version of ice cream?Gelato
91%
What was the original scandal that other "gates" are named for?{Water}gate
82%
What form does "It" most frequently take in the Stephen King book "It"?Clown
79%
What marine mammal's tusks were once thought to be from unicorns?Narwhal
75%
In what country would you find the easternmost point on the mainland of the Americas?Brazil
74%
What country's army was commonly called the Red Army?Soviet Union
72%
Who is Arkham Asylum's most famous resident?The Joker
64%
What fictional character invented Everlasting Gobstoppers?Willy Wonka
64%
What type of ray fish can have a "wingspan" of up to 7 meters?Manta Ray
61%
What "kissing" disease, common among teenagers, can cause swollen
lymph nodes and fatigue?
Mononucleosis
59%
What city's Dharavi slum has a population of about 700,000 in less than one square mile?Mumbai
59%
What is the name of the mathematical sequence than begins 1, 1, 2, 3, 5, 8, 13?Fibonacci Sequence
58%
What did the temperance movement seek to ban?Alcohol
54%
What city does Superman live in?Metropolis
52%
What sport does a coxswain participate in?Rowing
51%
Whose quotes are known as hadiths?Muhammad
46%
In what city did James Joyce's "Ulysses" take place?Dublin
40%
Who was the subject of two recent biographical movies, one starring Ashton Kutcher and
the other starring Michael Fassbender?
Steve Jobs
40%
What is the largest country that was uninhabited by humans in the year 1000 A.D.?New Zealand
39%
In what song did Jimmy Buffett search for his lost shaker of salt?{Margarita}ville
37%

Score Distribution

Percentile by Number Answered

Percent of People with Each Score

Your Score History

You have not taken this quiz since the last reset